Textbook of surveying VOL. 2 (Record no. 8903)
[ view plain ]
| 000 -LEADER | |
|---|---|
| fixed length control field | 00317nam a2200109 a 4500 |
| 100 1# - MAIN ENTRY--AUTHOR NAME | |
| Personal name | Shahani, P. B. |
| 245 10 - TITLE STATEMENT | |
| Title | Textbook of surveying VOL. 2 |
| 260 ## - PUBLICATION, DISTRIBUTION, ETC. (IMPRINT) | |
| Place of publication | [S.l.] : |
| Name of publisher | Oxford & IBH Publ. Co, |
| Year of publication | 1988. |
| 300 ## - PHYSICAL DESCRIPTION | |
| Number of Pages | 1 v. (unpaged) |
| 856 40 - ELECTRONIC LOCATION AND ACCESS | |
| Uniform Resource Identifier | http://www.amazon.com/exec/obidos/ASIN/B0007CDNR8/chopaconline-20 |
| 942 ## - ADDED ENTRY ELEMENTS (KOHA) | |
| Koha item type | Books |
| Withdrawn status | Lost status | Home library | Current library | Date acquired | Cost, normal purchase price | Full call number | Accession Number | Koha item type |
|---|---|---|---|---|---|---|---|---|
| Central Library, QUEST, Nawabshah | Central Library, QUEST, Nawabshah | 20/08/2014 | 126.00 | 526.9SHA | 17147 | Books | ||
| Central Library, QUEST, Nawabshah | Central Library, QUEST, Nawabshah | 20/08/2014 | 126.00 | 526.9SHA | 17149 | Books | ||
| Central Library, QUEST, Nawabshah | Central Library, QUEST, Nawabshah | 20/08/2014 | 126.00 | 526.9SHA | 17150 | Books | ||
| Central Library, QUEST, Nawabshah | Stacks area | 20/08/2014 | 126.00 | 526.9SHA | 17146 | Books | ||
| Central Library, QUEST, Nawabshah | Stacks area | 20/08/2014 | 126.00 | 526.9SHA | 17148 | Books |